Assam year book : (Record no. 11006)

MARC details
000 -LEADER
fixed length control field 00501cam a2200193ua 4500
001 - CONTROL NUMBER
control field 12262
005 - DATE AND TIME OF LATEST TRANSACTION
control field 20260515114846.0
008 - FIXED-LENGTH DATA ELEMENTS--GENERAL INFORMATION
fixed length control field 200819n ii |||gr||||Z||||||asm
020 ## - INTERNATIONAL STANDARD BOOK NUMBER
International Standard Book Number 9789381485828
040 ## - CATALOGING SOURCE
Transcribing agency MAIN
082 ## - DEWEY DECIMAL CLASSIFICATION NUMBER
Classification number 303
100 ## - MAIN ENTRY--PERSONAL NAME
Personal name Santanu Kaushik Baruah,
Relator term editor.,
245 ## - TITLE STATEMENT
Title Assam year book :
Remainder of title 2018 /
Statement of responsibility, etc. ed by Santanu Kaushik Baruah .
250 ## - EDITION STATEMENT
Edition statement 3rd ed.
260 ## - PUBLICATION, DISTRIBUTION, ETC.
Place of publication, distribution, etc. Guwahati:
Name of publisher, distributor, etc. Jyoti prakashan,
Date of publication, distribution, etc. 2017.
300 ## - PHYSICAL DESCRIPTION
Extent 1116p.
653 ## - INDEX TERM--UNCONTROLLED
Uncontrolled term Social processes
942 ## - ADDED ENTRY ELEMENTS (KOHA)
Koha item type Books
Holdings
Withdrawn status Lost status Damaged status Not for loan Home library Current library Shelving location Date acquired Total checkouts Full call number Barcode Date last seen Date last checked out Copy number Price effective from Koha item type
        Naharkatiya College Library Naharkatiya College Library General stacks 09/19/2020 22 303 | ASS 25914 11/11/2025 11/11/2025 1 09/19/2020 Books
        Naharkatiya College Library Naharkatiya College Library General stacks 09/19/2020 12 303 | ASS 25915 02/16/2026 01/28/2026 2 09/19/2020 Books